| 000 | 01747cab a22002535a 4500 | ||
|---|---|---|---|
| 001 | L158242 | ||
| 008 | 141106e2014 xxk 000 0 eng d | ||
| 035 | _a(Sirsi) u158242 | ||
| 041 | 0 | _aeng | |
| 245 | 0 | 0 | _aPillar Denton Ltd, Highcross (No1) Ltd, Highcross (No2) Ltd, CSC (Eldon Square) Ltd, CSC Lakeside Ltd, Ravenscroft Properties Ltd v Michael John Andrew Jervis, Stuart David Madison, Game Retail Ltd |
| 260 | _c2014 | ||
| 520 | _a[2014] EWCA Civ 180, 24 February 2014. Appeal by landlords P et al and cross appeal by third respondent G concerning the extent to which rent falling due both before and after the appointment of administrators is treated as an expense of the administration. "Held" that where a property leased by a company in administration was retained by the administrator for the benefit of the administration, under the salvage principle the administrator had to pay the rent during the period for which he retained the property. The rent was treated as accruing from day to day and was payable as an expense of the administration. Appeal and cross appeal allowed. On 31 October 2014 UK Supreme Court refused permission for Games Retail Ltd to appeal, CA decision stands. | ||
| 590 | _aKA | ||
| 650 | 2 | 4 | _aGAME GROUP PLC |
| 650 | 2 | 4 | _aPILLAR DENTON LTD ET AL V JERVIS ET AL |
| 650 | 2 | 4 | _aINSOLVENCY RULES 1986 |
| 650 | 2 | 4 | _aGOLDACRE (OFFICES) LTD V NORTEL NETWORKS UK LTD |
| 650 | 2 | 4 | _aLEISURE (NORWICH) II LTD V LUMINAR LAVA IGNITE LTD (IN ADMINISTRATION) |
| 651 | 4 |
_aEngland and Wales _y1543- |
|
| 690 |
_aLandlord and tenant _96252 |
||
| 690 |
_aInsolvency _96247 |
||
| 856 | 4 | 0 |
_uhttps://www.bailii.org/ew/cases/EWCA/Civ/2014/180.html _zView the law report free of charge at www.bailii.org |
| 942 | _n0 | ||
| 999 |
_c84537 _d84537 |
||